000 00813nam a22002537a 4500
001 84177
003 UA-OsUOA
005 20260408104513.0
007 ta
008 20120521b un ||||| |||| 00| 0 ukr d
020 _a9789661909142
040 _aUA-OsUOA
_bukr
_cUA-OsUOA
_dUA-OsUOA
041 _aukr
080 _a821.161.2
090 _a821.161.2
_bГ96
100 _aГусейнов Г.
_924918
245 _aТіні забутого парку. Малюнки з уяви
_nКн. 2
_cГригорій Гусейнов
260 _aЛьвів
_bВид-во Старого Лева
_c2007
300 _a336 с.
650 7 _a821.161.2 Українська література
_2UDC
_941
942 _cBK
_2udc
955 _a3
999 _c370531
_d370531